<?xml version="1.0" encoding="UTF-8"?>
<record
    xmlns:xsi="http://www.w3.org/2001/XMLSchema-instance"
    xsi:schemaLocation="http://www.loc.gov/MARC21/slim http://www.loc.gov/standards/marcxml/schema/MARC21slim.xsd"
    xmlns="http://www.loc.gov/MARC21/slim">

  <leader>01264nam a22002537a 4500</leader>
  <datafield tag="010" ind1=" " ind2=" ">
    <subfield code="a">A-943841</subfield>
  </datafield>
  <datafield tag="020" ind1=" " ind2=" ">
    <subfield code="a">817648010X</subfield>
    <subfield code="c">5000(set)</subfield>
  </datafield>
  <datafield tag="035" ind1=" " ind2=" ">
    <subfield code="a">A-943841</subfield>
  </datafield>
  <datafield tag="037" ind1=" " ind2=" ">
    <subfield code="a">Cen Lib / Ret</subfield>
  </datafield>
  <datafield tag="040" ind1=" " ind2=" ">
    <subfield code="a">DPL</subfield>
    <subfield code="b">EN</subfield>
  </datafield>
  <datafield tag="082" ind1=" " ind2=" ">
    <subfield code="a">363.7</subfield>
    <subfield code="b">NEE</subfield>
  </datafield>
  <datafield tag="100" ind1=" " ind2=" ">
    <subfield code="a">Neelima Rajvaidya</subfield>
  </datafield>
  <datafield tag="245" ind1=" " ind2=" ">
    <subfield code="a">Advances in environmental science and technology /</subfield>
    <subfield code="c">by Neelima Rajvaidya ; Dilip Kumar Markandey</subfield>
  </datafield>
  <datafield tag="260" ind1=" " ind2=" ">
    <subfield code="a">New Delhi</subfield>
    <subfield code="b">APH Publishing Corporation</subfield>
    <subfield code="c">1998</subfield>
  </datafield>
  <datafield tag="270" ind1=" " ind2=" ">
    <subfield code="a">5, Ansari Road Darya Ganj</subfield>
    <subfield code="b">New Delhi</subfield>
    <subfield code="e">110002</subfield>
  </datafield>
  <datafield tag="300" ind1=" " ind2=" ">
    <subfield code="a">8.v ; (v 1. 346 ; v 1 xxxi, 361 ; v 3. 424 ; v 4. xvi, 244 ; v 5. 207 ; v 6. xvii, 259 ; v 7. 113; v 8. xviii, 181)</subfield>
  </datafield>
  <datafield tag="505" ind1=" " ind2=" ">
    <subfield code="a">8 v. (v 1. Water characteristics and properties ; v 2. environmental analysis and instrumentation ; v 3. Environmental biochemistry ; v 4. Environmental pollution control  a refresher course ; v 5 Environment measurement : concept and approach ; v 6. treatment of textile industrial effluent ; v 7. Treatment of pulp - and paper industrial effluent ; v 8. Microbial technology for bio remediation)</subfield>
  </datafield>
  <datafield tag="650" ind1=" " ind2=" ">
    <subfield code="a">Environmental Pollution.</subfield>
  </datafield>
  <datafield tag="650" ind1=" " ind2=" ">
    <subfield code="a">Technology.</subfield>
  </datafield>
  <datafield tag="650" ind1=" " ind2=" ">
    <subfield code="a">Air Pollution.</subfield>
  </datafield>
  <datafield tag="650" ind1=" " ind2=" ">
    <subfield code="a">Pollution.</subfield>
  </datafield>
  <datafield tag="700" ind1=" " ind2=" ">
    <subfield code="a">Markandey, Dilip Kumar </subfield>
  </datafield>
  <datafield tag="942" ind1=" " ind2=" ">
    <subfield code="2">ddc</subfield>
    <subfield code="c">EN</subfield>
    <subfield code="h">363.7</subfield>
    <subfield code="m">NEE</subfield>
  </datafield>
  <datafield tag="999" ind1=" " ind2=" ">
    <subfield code="c">136378</subfield>
    <subfield code="d">136378</subfield>
  </datafield>
  <datafield tag="952" ind1=" " ind2=" ">
    <subfield code="0">0</subfield>
    <subfield code="1">0</subfield>
    <subfield code="2">ddc</subfield>
    <subfield code="3">v. 8</subfield>
    <subfield code="4">0</subfield>
    <subfield code="7">1</subfield>
    <subfield code="8">REF</subfield>
    <subfield code="a">L</subfield>
    <subfield code="b">L</subfield>
    <subfield code="d">2016-02-29</subfield>
    <subfield code="e">Cen Lib/Ret</subfield>
    <subfield code="g">5000.00</subfield>
    <subfield code="l">0</subfield>
    <subfield code="o">363.7 NEE</subfield>
    <subfield code="p">A-943848</subfield>
    <subfield code="r">2016-02-29 00:00:00</subfield>
    <subfield code="t">8</subfield>
    <subfield code="v">5000.00</subfield>
    <subfield code="w">2016-02-29</subfield>
    <subfield code="y">EN</subfield>
  </datafield>
  <datafield tag="952" ind1=" " ind2=" ">
    <subfield code="0">0</subfield>
    <subfield code="1">0</subfield>
    <subfield code="2">ddc</subfield>
    <subfield code="3">v.1</subfield>
    <subfield code="4">0</subfield>
    <subfield code="7">1</subfield>
    <subfield code="8">REF</subfield>
    <subfield code="a">L</subfield>
    <subfield code="b">L</subfield>
    <subfield code="d">2016-02-29</subfield>
    <subfield code="e">Cen Lib/Ret</subfield>
    <subfield code="g">5000.00</subfield>
    <subfield code="l">0</subfield>
    <subfield code="o">363.7 NEE</subfield>
    <subfield code="p">A-943841</subfield>
    <subfield code="r">2016-02-29 00:00:00</subfield>
    <subfield code="t">1</subfield>
    <subfield code="v">5000.00</subfield>
    <subfield code="w">2016-07-27</subfield>
    <subfield code="y">EN</subfield>
  </datafield>
  <datafield tag="952" ind1=" " ind2=" ">
    <subfield code="0">0</subfield>
    <subfield code="1">0</subfield>
    <subfield code="2">ddc</subfield>
    <subfield code="3">v.2</subfield>
    <subfield code="4">0</subfield>
    <subfield code="7">1</subfield>
    <subfield code="8">REF</subfield>
    <subfield code="a">L</subfield>
    <subfield code="b">L</subfield>
    <subfield code="d">2016-02-29</subfield>
    <subfield code="e">Cen Lib/Ret</subfield>
    <subfield code="g">5000.00</subfield>
    <subfield code="l">0</subfield>
    <subfield code="o">363.7 NEE</subfield>
    <subfield code="p">A-943842</subfield>
    <subfield code="r">2016-02-29 00:00:00</subfield>
    <subfield code="t">2</subfield>
    <subfield code="v">5000.00</subfield>
    <subfield code="w">2016-02-29</subfield>
    <subfield code="y">EN</subfield>
  </datafield>
  <datafield tag="952" ind1=" " ind2=" ">
    <subfield code="0">0</subfield>
    <subfield code="1">0</subfield>
    <subfield code="2">ddc</subfield>
    <subfield code="3">v. 3</subfield>
    <subfield code="4">0</subfield>
    <subfield code="7">1</subfield>
    <subfield code="8">REF</subfield>
    <subfield code="a">L</subfield>
    <subfield code="b">L</subfield>
    <subfield code="d">2016-02-29</subfield>
    <subfield code="e">Cen Lib/Ret</subfield>
    <subfield code="g">5000.00</subfield>
    <subfield code="l">0</subfield>
    <subfield code="o">363.7 NEE</subfield>
    <subfield code="p">A-943843</subfield>
    <subfield code="r">2016-02-29 00:00:00</subfield>
    <subfield code="t">3</subfield>
    <subfield code="v">5000.00</subfield>
    <subfield code="w">2016-07-27</subfield>
    <subfield code="y">EN</subfield>
  </datafield>
  <datafield tag="952" ind1=" " ind2=" ">
    <subfield code="0">0</subfield>
    <subfield code="1">0</subfield>
    <subfield code="2">ddc</subfield>
    <subfield code="3">v 4</subfield>
    <subfield code="4">0</subfield>
    <subfield code="7">1</subfield>
    <subfield code="8">REF</subfield>
    <subfield code="a">L</subfield>
    <subfield code="b">L</subfield>
    <subfield code="d">2016-02-29</subfield>
    <subfield code="e">Cen Lib/Ret</subfield>
    <subfield code="g">5000.00</subfield>
    <subfield code="l">0</subfield>
    <subfield code="o">363.7 NEE</subfield>
    <subfield code="p">A-943844</subfield>
    <subfield code="r">2016-02-29 00:00:00</subfield>
    <subfield code="t">4</subfield>
    <subfield code="v">5000.00</subfield>
    <subfield code="w">2016-02-29</subfield>
    <subfield code="y">EN</subfield>
  </datafield>
  <datafield tag="952" ind1=" " ind2=" ">
    <subfield code="0">0</subfield>
    <subfield code="1">0</subfield>
    <subfield code="2">ddc</subfield>
    <subfield code="3">v.5</subfield>
    <subfield code="4">0</subfield>
    <subfield code="7">1</subfield>
    <subfield code="8">REF</subfield>
    <subfield code="a">L</subfield>
    <subfield code="b">L</subfield>
    <subfield code="d">2016-02-29</subfield>
    <subfield code="e">Cen Lib/Ret</subfield>
    <subfield code="g">5000.00</subfield>
    <subfield code="l">0</subfield>
    <subfield code="o">363.7 MEE</subfield>
    <subfield code="p">A-943845</subfield>
    <subfield code="r">2016-02-29 00:00:00</subfield>
    <subfield code="t">5</subfield>
    <subfield code="v">5000.00</subfield>
    <subfield code="w">2016-02-29</subfield>
    <subfield code="y">EN</subfield>
  </datafield>
  <datafield tag="952" ind1=" " ind2=" ">
    <subfield code="0">0</subfield>
    <subfield code="1">0</subfield>
    <subfield code="2">ddc</subfield>
    <subfield code="3">v. 6</subfield>
    <subfield code="4">0</subfield>
    <subfield code="7">1</subfield>
    <subfield code="8">REF</subfield>
    <subfield code="a">L</subfield>
    <subfield code="b">L</subfield>
    <subfield code="d">2016-02-29</subfield>
    <subfield code="e">Cen Lib/Ret</subfield>
    <subfield code="g">5000.00</subfield>
    <subfield code="l">0</subfield>
    <subfield code="o">363.7 NEE</subfield>
    <subfield code="p">A-943846</subfield>
    <subfield code="r">2016-02-29 00:00:00</subfield>
    <subfield code="t">6</subfield>
    <subfield code="v">5000.00</subfield>
    <subfield code="w">2016-02-29</subfield>
    <subfield code="y">EN</subfield>
  </datafield>
  <datafield tag="952" ind1=" " ind2=" ">
    <subfield code="0">0</subfield>
    <subfield code="1">0</subfield>
    <subfield code="2">ddc</subfield>
    <subfield code="3">v. 7</subfield>
    <subfield code="4">0</subfield>
    <subfield code="7">1</subfield>
    <subfield code="8">REF</subfield>
    <subfield code="a">L</subfield>
    <subfield code="b">L</subfield>
    <subfield code="d">2016-02-29</subfield>
    <subfield code="e">Cen Lib/Ret</subfield>
    <subfield code="g">5000.00</subfield>
    <subfield code="l">0</subfield>
    <subfield code="o">363.7 NEE</subfield>
    <subfield code="p">A-943847</subfield>
    <subfield code="r">2016-02-29 00:00:00</subfield>
    <subfield code="t">7</subfield>
    <subfield code="v">5000.00</subfield>
    <subfield code="w">2016-02-29</subfield>
    <subfield code="y">EN</subfield>
  </datafield>
</record>
